The letters of Paul the apostle. (Record no. 5633)

000 -LEADER
fixed length control field 00554nam a2200181 a 4500
001 - CONTROL NUMBER
control field :::00003375$&:&@@
003 - CONTROL NUMBER IDENTIFIER
control field OkBaRHE
005 - DATE AND TIME OF LATEST TRANSACTION
control field 20000607103304.0
008 - FIXED-LENGTH DATA ELEMENTS--GENERAL INFORMATION
fixed length control field s1924 j 000 0 eng u
040 ## - CATALOGING SOURCE
Transcribing agency
100 1# - MAIN ENTRY--PERSONAL NAME
Personal name Coates, Henry.
245 14 - TITLE STATEMENT
Title The letters of Paul the apostle.
260 ## - PUBLICATION, DISTRIBUTION, ETC. (IMPRINT)
Place of publication, distribution, etc London, UK:EN., :
Name of publisher, distributor, etc Robert Scott
Date of publication, distribution, etc 1924
300 ## - PHYSICAL DESCRIPTION
Extent 192 p. ;
Dimensions 19 cm.
650 ## - SUBJECT ADDED ENTRY--TOPICAL TERM
Topical term or geographic name as entry element Bible New Testament Epistles of Paul
942 ## - ADDED ENTRY ELEMENTS (KOHA)
Source of classification or shelving scheme
Koha item type Books
Copies
Permanent Location Withdrawn status Koha item type Lost status Source of classification or shelving scheme Price effective from Date last seen Full call number Date acquired Shelving location Not for loan Damaged status Barcode Copy number
RHEMA Bible Training College Books  2010-04-142018-03-28BS 2650 .C58822010-04-14General Stacks  33751